000
00233nam a2200109Ia 4500
100
_a
#N/A
942
_c
BK
654
_a
encyclopedia britannica
245
_a
Concise Encyclopedia from Britannica
260
_b
#N/A
546
_a
ENGLISH
999
_c
26690
_d
26690